English-Kiswahili assorted dictionary / (Record no. 1561)
[ view plain ]
| 000 -LEADER | |
|---|---|
| fixed length control field | 00946cam a2200313 a 4500 |
| 001 - CONTROL NUMBER | |
| control field | 14124067 |
| 003 - CONTROL NUMBER IDENTIFIER | |
| control field | OSt |
| 005 - DATE AND TIME OF LATEST TRANSACTION | |
| control field | 20230620102732.0 |
| 008 - FIXED-LENGTH DATA ELEMENTS--GENERAL INFORMATION | |
| fixed length control field | 050929s2005 ke 000 0 eng |
| 010 ## - LIBRARY OF CONGRESS CONTROL NUMBER | |
| LC control number | 2005327494 |
| 020 ## - INTERNATIONAL STANDARD BOOK NUMBER | |
| International Standard Book Number | 9966882707 |
| 020 ## - INTERNATIONAL STANDARD BOOK NUMBER | |
| International Standard Book Number | 9966882677 |
| 040 ## - CATALOGING SOURCE | |
| Original cataloging agency | DLC |
| Transcribing agency | DLC |
| 041 0# - LANGUAGE CODE | |
| Language code of text/sound track or separate title | eng |
| -- | swa |
| 042 ## - AUTHENTICATION CODE | |
| Authentication code | lcode |
| 050 00 - LIBRARY OF CONGRESS CALL NUMBER | |
| Classification number | PL8703 |
| Item number | .W35 2005 |
| 082 ## - DEWEY DECIMAL CLASSIFICATION NUMBER | |
| Classification number | 413 |
| Item number | WAN |
| 100 1# - MAIN ENTRY--PERSONAL NAME | |
| Personal name | Wamitila, K. W. |
| 245 10 - TITLE STATEMENT | |
| Title | English-Kiswahili assorted dictionary / |
| Statement of responsibility, etc. | K.W. Wamitila and Florence M. Kyallo. |
| 250 ## - EDITION STATEMENT | |
| Edition statement | Rev. ed. |
| 260 ## - PUBLICATION, DISTRIBUTION, ETC. (IMPRINT) | |
| Place of publication, distribution, etc. | Nairobi, Kenya : |
| Name of publisher, distributor, etc. | Focus Books, |
| Date of publication, distribution, etc. | 2005. |
| 300 ## - PHYSICAL DESCRIPTION | |
| Extent | xvi, 414 p. ; |
| Dimensions | 18 cm. |
| 650 #0 - SUBJECT ADDED ENTRY--TOPICAL TERM | |
| Topical term or geographic name as entry element | English language |
| Form subdivision | Glossaries, vocabularies, etc. |
| 650 #0 - SUBJECT ADDED ENTRY--TOPICAL TERM | |
| Topical term or geographic name as entry element | Swahili language |
| Form subdivision | Glossaries, vocabularies, etc. |
| 700 1# - ADDED ENTRY--PERSONAL NAME | |
| Personal name | Kyallo, Florence M. |
| 906 ## - LOCAL DATA ELEMENT F, LDF (RLIN) | |
| a | 7 |
| b | cbc |
| c | origcop |
| d | 2 |
| e | ncip |
| f | 20 |
| g | y-gencatlg |
| 942 ## - ADDED ENTRY ELEMENTS (KOHA) | |
| Source of classification or shelving scheme | Dewey Decimal Classification |
| Koha item type | Books |
| Withdrawn status | Lost status | Source of classification or shelving scheme | Damaged status | Not for loan | Collection code | Home library | Current library | Shelving location | Date acquired | Total Checkouts | Full call number | Barcode | Date last seen | Price effective from | Koha item type |
|---|---|---|---|---|---|---|---|---|---|---|---|---|---|---|---|
| Dewey Decimal Classification | Reference | Bunge Tower Library | Bunge Tower Library | Reference | 06/20/2023 | 413 WAN | 10014597 | 06/20/2023 | 06/20/2023 | Books | |||||
| Dewey Decimal Classification | Reference | Bunge Tower Library | Bunge Tower Library | Reference | 06/20/2023 | 413 WAN | 10014598 | 06/20/2023 | 06/20/2023 | Books | |||||
| Dewey Decimal Classification | Reference | Bunge Tower Library | Bunge Tower Library | Book Cart | 08/15/2024 | 413 WAN | 10014599 | 08/15/2024 | 08/15/2024 | Books |
